|
|
|
|
| LEADER |
00000cam a2200000 7i4500 |
| 001 |
0000029867 |
| 005 |
20110408.0 |
| 008 |
100818 |
| 020 |
|
|
|a 0141323947
|
| 090 |
0 |
0 |
|a JF
|b ENG
|
| 245 |
1 |
0 |
|a Primeval :
|b fight for survival
|c adapted by Alicia Brodersen
|
| 260 |
|
|
|a London :
|b Puffin Books ,
|c 2008
|
| 440 |
|
|
|a Primeval; 4
|
| 650 |
|
0 |
|a Animal, fossil
|
| 650 |
|
0 |
|a Cutter, Nick (Fictitious character)
|x Juvenile fiction
|
| 650 |
|
0 |
|a Paleontologists
|x Juvenile fiction
|
| 655 |
0 |
0 |
|a Children's stories
|
| 655 |
0 |
0 |
|a Radio and television novels
|
| 655 |
0 |
0 |
|a Science fiction
|
| 999 |
|
|
|a 0001040566
|b Book
|c Children Collection
|e Perbadanan Perpustakaan Awam Johor
|